| 000 | 00687cam a2200205 a 4500 | ||
|---|---|---|---|
| 020 | _a0883855194 | ||
| 082 | 0 | 0 |
_a510 _bBAR |
| 100 | 1 |
_aBarbeau, Edward, _938801 |
|
| 245 | 1 | 0 |
_aFive hundred mathematical challenges _cEdward J. Barbeau, Murray S. Klamkin, William O.J. Moser. |
| 260 |
_a[Washington, DC] : _bMathematical Association of America, _cc1995. |
||
| 300 | _axi, 225 p. : | ||
| 490 | 1 | _aSpectrum series | |
| 500 | _aIncludes index. | ||
| 526 |
_a0 _b0 _c0 _d510_000000000000000_BAR |
||
| 650 | 0 |
_aMCE _9379 |
|
| 700 | 1 |
_aKlamkin, Murray S. _938802 |
|
| 700 | 1 |
_aMoser, W. O. J. _938803 |
|
| 856 | 4 | 0 | _uhttp://www.columbia.edu/cgi-bin/cul/resolve?clio10089126 |
| 942 |
_2ddc _cBK |
||
| 999 |
_c543463 _d543463 |
||